| 000 -LEADER |
| fixed length control field |
00327cam a22001097a 4500 |
| 008 - FIXED-LENGTH DATA ELEMENTS--GENERAL INFORMATION |
| fixed length control field |
180718b2012 xxu||||| |||| 00| 0 eng d |
| 082 ## - DEWEY DECIMAL CLASSIFICATION NUMBER |
| Classification number |
R17x54 B18/099 |
| 100 ## - MAIN ENTRY--PERSONAL NAME |
| Personal name |
Bala, Shashi |
| 245 ## - TITLE STATEMENT |
| Title |
Implementation of maternity benefit act |
| Statement of responsibility, etc. |
by Shashi Bala |
| 260 ## - PUBLICATION, DISTRIBUTION, ETC. |
| Place of publication, distribution, etc. |
Noida |
| Name of publisher, distributor, etc. |
V.V. Giri National labour institute |
| Date of publication, distribution, etc. |
2012 |
| 300 ## - PHYSICAL DESCRIPTION |
| Extent |
96p. |